000 00615nam a22002417a 4500
003 UA-OsUOA
001 38896
007 ta
008 20060601b un ||||| |||| 00| 0 ukr d
100 _aДоброхотов А.Л.
090 _a82.09:929
_bД56
942 _cBK
040 _aUA-OsUOA
_brus
_cUA-OsUOA
_dUA-OsUOA
245 _aДанте Алигьери
300 _a207 с.
955 _a1
041 _arus
080 _a82.09:929
020 _a5-244-00261-9
260 _aМ.
_bМысль
_c1990
650 7 _a82 Література. Літературознавство
_2UDC
999 _c325003
_d325003